Philosophy in a new key ; a study in the symbolism of reason, rite and art.

Bibliographic Details
Main Author: Langer, Susanne K. (Susanne Katherina Knauth), 1895-1985
Format: Book
Language:English
Published: Cambridge : Harvard University Press, 1957.
Edition:[3d ed.].
Subjects:

MARC

Tag First Indicator Second Indicator Subfields
LEADER 00000cam a2200000 4500
001 in00000284413
005 20151010072914.0
008 720124s1957 enka 00000 eng
010 |a  57001386  
035 |a (OCoLC)00225770 
035 |9 ABF0027AM 
040 |c WSU  |d TXA  |d UtOrBLW 
049 |a TXAM  |c 1 [279477]  |c 2 [909902] 
050 0 |a BF458  |b .L3 1957 
082 0 |a 153 
100 1 |a Langer, Susanne K.  |q (Susanne Katherina Knauth),  |d 1895-1985. 
245 1 0 |a Philosophy in a new key ;  |b a study in the symbolism of reason, rite and art. 
250 |a [3d ed.]. 
264 1 |a Cambridge :  |b Harvard University Press,  |c 1957. 
300 |a 313 pages :  |b illustrations ;  |c 22 cm. 
336 |a text  |b txt  |2 rdacontent 
337 |a unmediated  |b n  |2 rdamedia 
338 |a volume  |b nc  |2 rdacarrier 
650 0 |a Symbolism. 
650 0 |a Philosophy. 
999 |a MARS 
999 f f |s 9b0ebe2c-8d14-3e2b-abe8-a6eb6b4ee11b  |i 9ecffe43-c872-303f-8693-a6d53aa26e76  |t 0 
952 f f |p ric  |a Texas A&M University  |b Rellis Campus  |c Joint Library Facility  |d Remote Storage  |t 0  |e BF458 .L3 1957  |h Library of Congress classification  |i unmediated -- volume  |m A14801682200 
998 f f |a BF458 .L3 1957  |t 0  |l Remote Storage